Disney Princess Consonants Quiz Stats

 Plays Quiz Updated Mar 16, 2018

Also try: Months Consonants
Challenge
Share
Tweet
Embed
Score 0/14 Timer 00:30
49 Plays Today
% Correct
???
81.6%
???
76.8%
???
74.1%
???
73.3%
???
69.4%
???
68.6%
???
68.2%
% Correct
???
65.8%
???
64.6%
???
54.9%
???
47.3%
???
43.5%
???
36.4%
???
19.8%

You're not logged in!

Compare scores with friends on all Sporcle quizzes.
Join for Free
OR
Log In

You Might Also Like...

Show Comments

Extras

Top Quizzes Today


Score Distribution

Your Account Isn't Verified!

In order to create a playlist on Sporcle, you need to verify the email address you used during registration. Go to your Sporcle Settings to finish the process.

Report this User

Report this user for behavior that violates our Community Guidelines.

Details: